Les créatures de ARK - Statistiques

Statistiques générales
  • Ce quiz a été pris 441 fois
    222 depuis la dernière actualisation
  • Le résultat moyen est 39 sur 209
Statistiques - réponses
Catégories Réponses % Correct
The Island (carnivores) T.rex
79%
The Island (carnivores) vélociraptor
74%
The Island (herbivores) tricératops
71%
The Island (herbivores) Parasaure
68%
The Island (herbivores) brontosaure
66%
The Island (carnivores) giganotosaure
62%
The Island (volants) argentavis
59%
The Island (carnivores) Carnotaure
59%
The Island (volants) ptéranodon
59%
The Island (herbivores) diplodocus
56%
The Island (marins) mégalodon
56%
The Island (herbivores) stégosaure
53%
The Island (carnivores) allosaure
51%
The Island (herbivores) dodo
51%
The Island (marins) mosasaure
51%
The Island (volants) quetzal
48%
Boss dragon
47%
The Island (carnivores) compy
41%
The Island (carnivores) spinosaure
41%
The Island (herbivores) ankylosaure
40%
Genesis part 2 dilophosaure
38%
The Island (carnivores) smilodon
38%
The Island (herbivores) titanosaure
37%
Scorched earth wyvern de feu
37%
The Island (carnivores) titanoboa
36%
Scorched earth wyvern de poison
36%
The Island (carnivores) aranéo
34%
The Island (herbivores) carbonemys
34%
Scorched earth wyvern de foudre
34%
The Island (carnivores) loup sinistre
33%
The Island (herbivores) paracer
33%
Scorched earth golem de pierre
32%
The Island (carnivores) thylacoleo
30%
The Island (herbivores) achatina
29%
The Island (carnivores) Baryonyx
29%
Ragnarock griffon
29%
The Island (carnivores) mégalosaure
29%
The Island (carnivores) Sarcosuchus
29%
The Island (créatures tek) stégosaure tek
29%
Boss mégapithecus
27%
The Island (marins) saumon à dents de sabre
27%
Ragnarock wyvern de glace
27%
Valguero deinonychus
26%
The Island (herbivores) iguanodon
26%
The Island (carnivores) kaprosuchus
26%
Scorched earth mantis
26%
The Island (créatures tek) parasaure tek
26%
The Island (volants) tapejara
26%
The Island (créatures tek) T.rex tek
26%
The Island (marins) basilosaure
25%
Aberration dragon rocheux
25%
The Island (herbivores) lystrosaure
25%
The Island (marins) plésiosaure
25%
The Island (herbivores) thérizinosaure
25%
The Island (volants) dimorphodon
23%
The Island (marins) manta
23%
The Island (herbivores) mésopithecus
23%
The Island (herbivores) moschop
23%
The Island (carnivores) troodon
23%
Genesis part 1 magmasaure
22%
Boss manticore
22%
The Island (herbivores) mégatherium
22%
The Island (carnivores) ours sinistre
22%
The Island (créatures tek) raptor tek
22%
Alpha T.rex alpha
22%
The Island (volants) méganeura
21%
The Island (carnivores) microraptor
21%
Boss rockwell
21%
The Island (marins) trilobite
21%
Crystal Isle wyvern de crystal
21%
The Island (carnivores) Yutyrannus
21%
The Island (herbivores) beelzebufo
19%
Genesis part 1 bloodstalker
19%
The Island (marins) cœlacanthe
19%
The Island (herbivores) diplocaulus
19%
The Island (herbivores) doedicurus
19%
The Island (marins) dunkleosteus
19%
Aberration karkinos
19%
The Island (créatures tek) quetzal tek
19%
The Island (volants) reine des abeilles géante
19%
Boss titan du désert
19%
The Island (carnivores) arthropluera
18%
Scorched earth jerboa
18%
The Island (herbivores) pachycéphalosaure
18%
The Island (herbivores) phiomia
18%
The Island (herbivores) rhinocéros laineux
18%
Boss titan de la foret
18%
The Island (marins) Tusoteuthis
18%
The Island (marins) baudroie
16%
The Island (herbivores) castoroide
16%
Genesis part 1 ferox
16%
The Island (herbivores) gigantopithecus
16%
The Island (marins) ichtyosaure
16%
Scorched earth lézard épineux
16%
The Island (herbivores) megalocéros
16%
The Island (volants) pelagornis
16%
Aberration reaper queen
16%
The Island (herbivores) Chalicotherium
15%
The Island (volants) ichtyornis
15%
The Island (carnivores) mégalania
15%
The Island (carnivores) oiseau terreur
15%
The Island (carnivores) oviraptor
15%
The Island (herbivores) pegomastax
15%
Aberration reaper king
15%
The Island (marins) ammonite
14%
The Island (marins) cnidaria
14%
The Island (carnivores) dimetrodon
14%
Lost Island dinopithecus
14%
The Island (herbivores) equus
14%
Ragnarock Golem de lave
14%
Boss king titan
14%
The Island (marins) Liopleurodon
14%
The Island (carnivores) loutre
14%
Boss overseer
14%
The Island (herbivores) ovis
14%
The Island (carnivores) sangsue
14%
Genesis part 2 shadowmane
14%
Extinction velonasaure
14%
Aberration bulbdog
12%
The Island (carnivores) Carcharodontosaure
12%
Alpha carnotaure alpha
12%
The Island (carnivores) daeodon
12%
The Island (marins) electrophorus
12%
Fjordur fenrir
12%
The Island (herbivores) gallimimus
12%
The Island (herbivores) kentrosaure
12%
Genesis part 2 maewing
12%
Scorched earth Morelatops
12%
The Island (volants) onyx
12%
Lost Island sinomacrops
12%
Lost Island Amargasaure
11%
Genesis part 1 Astrocetus
11%
The Island (herbivores) bousier
11%
Fjordur fjordhawk
11%
Extinction harfang des neiges
11%
The Island (herbivores) kairuku
11%
Alpha mosasaure alpha
11%
The Island (herbivores) procoptodon
11%
Aberration ravager
11%
Boss titan des glaces
11%
Fjordur andrewsarchus
10%
The Island (marins) eurypterid
10%
Extinction gacha
10%
Aberration gecko luisant
10%
The Island (herbivores) licorne
10%
Alpha mégalodon alpha
10%
Aberration nameless
10%
Scorched earth phoenix
10%
Aberration rat des profondeurs
10%
Alpha velociraptor alpha
10%
The Island (volants) archéoptéryx
8%
Boss Broodmother lysrix
8%
Aberration lamproie
8%
The Island (herbivores) mammouth laineux
8%
The Island (herbivores) pachyrinosaure
8%
Aberration plumineux
8%
The Island (volants) titanomyrma
8%
Crystal Isle tropéognathus
8%
The Island (herbivores) yéti
8%
Genesis part 2 astrodelphis
7%
Scorched earth insecte jar à eau
7%
Scorched earth insecte jar à pétrole
7%
Aberration lumicorne
7%
Scorched earth lymantria
7%
Genesis part 1 mégachelon
7%
Extinction mek
7%
Genesis part 2 stryder tek
7%
Scorched earth vautour
7%
Genesis part 2 voidwyrm
7%
Alpha wyvern de feu alpha
7%
Aberration basilisk
5%
Extinction enforcer
5%
Extinction gasbag
5%
The Island (carnivores) hesperornis
5%
The Island (marins) leedsichthys
5%
Extinction managarmr
5%
The Island (marins) megapirhana
5%
Boss moeder
5%
Genesis part 2 noglin
5%
The Island (carnivores) hyaenodon
4%
Aberration luciole
3%
Ragnarock ours polaire
3%
Boss Rockwell prime
3%
Extinction unité de défense
3%
Scorched earth vers des sables
3%
Fjordur desmodeus draculae
1%
Extinction drone d'attaque
1%
Alpha karkinos alpha
1%
Boss master controler
1%
Extinction mega mek
1%
The Island (carnivores) pulminoscorpius
1%
The Island (carnivores) purlovia
1%
Boss reine wyvern de crystal
1%
Boss roi dinopithecus
1%
Extinction scout
1%
Alpha tusoteuthis alpha
1%
Alpha ver des sables alpha
1%
Ragnarock vers des glaces
1%
Alpha wyvern de crystal de sang alpha
1%
Alpha Basilic alpha
0%
Genesis part 1 essaim de poissons
0%
Genesis part 1 essaim d'insecte
0%
Genesis part 2 invocateur
0%
Alpha Leedsichthys alpha
0%
Aberration reaper king de la surface
0%
Alpha reaper king de la surface alpha
0%
Alpha reine ver de glace
0%
Aberration seeker
0%
Alpha tricératops-X alpha
0%
Aucun quiz correspondant
Distribution des résultats
% des personnes avec chaque résultat
Percentile par nombre de réponses
Votre historique - résultats
Vous n’avez pas pris ce quiz depuis la dernière actualisation